[Event "Bundesliga 1718"]
[Site "Germany"]
[Date "2018.02.25"]
[Round "10.8"]
[White "Mager, Denis"]
[Black "Braun, Christian1111"]
[Result "0-1"]
[WhiteElo "2283"]
[BlackElo "2369"]
[PlyCount "80"]
[EventDate "2017.10.21"]
[EventType "team-tourn"]
[EventRounds "15"]
[EventCountry "GER"]
[SourceTitle "CBM 183"]
[Source "ChessBase"]
[SourceDate "2018.03.14"]
[SourceVersion "1"]
[SourceVersionDate "2018.03.14"]
[SourceQuality "1"]
[WhiteTeam "Speyer Schwegenheim"]
[BlackTeam "Aachen"]
[WhiteTeamCountry "GER"]
[BlackTeamCountry "GER"]

1. c4 Nf6 2. Nc3 g6 3. d4 d5 4. cxd5 Nxd5 5. Bd2 Nb6 6. Bg5 Bg7 7. e3 c5 8. dxc5 Bxc3+ 9. bxc3 Qxd1+ 10. Rxd1 N6d7 11. Bb5 Nc6 12. Rd5 f6 13. Bh6 Nde5 14. e4 Be6 15. Nf3 Kf7 16. Bxc6 Nxf3+ 17. gxf3 bxc6 18. Rd2 Bc4 19. Kd1 Rhd8 20. a3 Bd3 21. Bf4 e5 22. Be3 Rab8 23. Rxd3 Rxd3+ 24. Kc2 Rd7 25. a4 Rdb7 26. Bc1 Ke6 27. Rd1 Rd7 28. Re1 g5 29. Rg1 Rg8 30. f4 exf4 31. Bxf4 f5 32. exf5+ Kxf5 33. Bd6 Re8 34. Kd3 Rb7 35. Rg3 Rb2 36. Rf3+ Kg6 37. h3 Ree2 38. Bg3 h5 39. h4 gxh4 40. Bxh4 Rbd2+ 0-1

[Event "Bundesliga 1718"]
[Site "Germany"]
[Date "2017.12.09"]
[Round "5.8"]
[White "Mager, Denis"]
[Black "Lauber, Arnd"]
[Result "0-1"]
[WhiteElo "2283"]
[BlackElo "2423"]
[PlyCount "70"]
[EventDate "2017.10.21"]
[EventType "team-tourn"]
[EventRounds "15"]
[EventCountry "GER"]
[SourceTitle "CBM 182"]
[Source "ChessBase"]
[SourceDate "2018.01.17"]
[SourceVersion "1"]
[SourceVersionDate "2018.01.17"]
[SourceQuality "1"]
[WhiteTeam "Speyer Schwegenheim"]
[BlackTeam "Berlin SF"]
[WhiteTeamCountry "GER"]
[BlackTeamCountry "GER"]

1. c4 e6 2. Nc3 d5 3. d4 Bb4 4. Nf3 Nf6 5. e3 0-0 6. Bd3 b6 7. Qc2 dxc4 8. Bxc4 Bb7 9. a3 Bxc3+ 10. bxc3 c5 11. 0-0 Qc7 12. Bd3 Nbd7 13. Qe2 Be4 14. Nd2 Bxd3 15. Qxd3 Rac8 16. Rd1 cxd4 17. cxd4 Qc2 18. Qxc2 Rxc2 19. a4 Rfc8 20. Ba3 Nd5 21. Ne4 N7f6 22. Nxf6+ gxf6 23. a5 bxa5 24. Bc5 Rb8 25. Rdc1 Rxc1+ 26. Rxc1 a4 27. Bd6 Rb3 28. Ra1 Nc3 29. Be7 Rb1+ 30. Rxb1 Nxb1 31. e4 a3 32. d5 exd5 33. exd5 a2 34. Bxf6 Kf8 35. d6 Ke8 0-1

[Event "Bundesliga 1718"]
[Site "Germany"]
[Date "2017.10.22"]
[Round "2.8"]
[White "Zpevak, Pavel"]
[Black "Mager, Denis"]
[Result "1/2-1/2"]
[WhiteElo "2342"]
[BlackElo "2283"]
[PlyCount "48"]
[EventDate "2017.10.21"]
[EventType "team-tourn"]
[EventRounds "15"]
[EventCountry "GER"]
[SourceTitle "CBM 181"]
[Source "ChessBase"]
[SourceDate "2017.11.10"]
[SourceVersion "1"]
[SourceVersionDate "2017.11.10"]
[SourceQuality "1"]
[WhiteTeam "Schwaebisch Hall"]
[BlackTeam "Speyer Schwegenheim"]
[WhiteTeamCountry "GER"]
[BlackTeamCountry "GER"]

1. d4 d5 2. c4 c6 3. cxd5 cxd5 4. Nc3 Nf6 5. Bf4 Nc6 6. e3 a6 7. Bd3 e6 8. Nf3 Bd6 9. Bg3 Qc7 10. Rc1 0-0 11. 0-0 Bxg3 12. hxg3 Qd6 13. a3 Bd7 14. Re1 Rac8 15. e4 dxe4 16. Nxe4 Nxe4 17. Bxe4 h6 18. d5 exd5 19. Bxd5 Qf6 20. Qb3 b5 21. Qc3 Qxc3 22. Rxc3 Rfd8 23. Rec1 Ne7 24. Bb3 Kf8 1/2-1/2

[Event "Bundesliga 1617"]
[Site "Germany"]
[Date "2017.02.18"]
[Round "7.8"]
[White "Mager, Denis"]
[Black "Van Foreest, Lucas"]
[Result "0-1"]
[WhiteElo "2224"]
[BlackElo "2350"]
[PlyCount "44"]
[EventDate "2016.10.15"]
[EventType "team-tourn"]
[EventRounds "15"]
[EventCountry "GER"]
[SourceTitle "CBM 177"]
[Source "ChessBase"]
[SourceDate "2017.03.16"]
[SourceVersion "1"]
[SourceVersionDate "2017.03.16"]
[SourceQuality "1"]
[WhiteTeam "Schwegenheim"]
[BlackTeam "Aachen"]
[WhiteTeamCountry "GER"]
[BlackTeamCountry "GER"]

1. c4 Nf6 2. Nc3 e6 3. e4 c5 4. Nf3 Nc6 5. e5 Ng4 6. Qe2 Qc7 7. Nb5 Qb8 8. d4 cxd4 9. Bf4 Bb4+ 10. Bd2 Bc5 11. Qe4 f5 12. Qf4 0-0 13. Nbxd4 Nxd4 14. Nxd4 d6 15. h3 dxe5 16. Qf3 Nxf2 17. Qxf2 exd4 18. Be2 Qd6 19. Qh4 d3 20. Bf3 Qe5+ 21. Kd1 Qxb2 22. Rc1 Bd7 0-1

[Event "Boeblingen op 33rd"]
[Site "Boeblingen"]
[Date "2016.12.30"]
[Round "4"]
[White "Baenziger, Fabian"]
[Black "Mager, Denis"]
[Result "1-0"]
[WhiteElo "2343"]
[BlackElo "2272"]
[PlyCount "55"]
[EventDate "2016.12.26"]
[EventType "swiss"]
[EventRounds "9"]
[EventCountry "GER"]
[SourceTitle "CBM 176 Extra"]
[Source "ChessBase"]
[SourceDate "2017.03.02"]
[SourceVersion "1"]
[SourceVersionDate "2017.03.02"]
[SourceQuality "1"]

1. d4 d5 2. c4 c6 3. cxd5 cxd5 4. Nc3 Nf6 5. Bf4 Nc6 6. e3 Bg4 7. Qb3 Qd7 8. h3 Bf5 9. Nf3 e6 10. Ne5 Qc8 11. Rc1 Be7 12. Bb5 0-0 13. Ne2 Bb4+ 14. Nc3 a5 15. 0-0 Nd7 16. Nxd7 Qxd7 17. Na4 Rad8 18. Nb6 Qe8 19. Bxc6 bxc6 20. Bc7 Rd7 21. Nxd7 Qxd7 22. Bg3 h5 23. a3 Be7 24. Rc3 h4 25. Bh2 Rc8 26. Qa4 Bd6 27. Bxd6 Qxd6 28. Rfc1 1-0

[Event "Hoogeveen Unive op 20th"]
[Site "Hoogeveen"]
[Date "2016.10.19"]
[Round "6"]
[White "Kerigan, Demre"]
[Black "Mager, Denis"]
[Result "1/2-1/2"]
[WhiteElo "2362"]
[BlackElo "2224"]
[PlyCount "159"]
[EventDate "2016.10.15"]
[EventType "swiss"]
[EventRounds "9"]
[EventCountry "NED"]
[SourceTitle "EXT 2017"]
[Source "ChessBase"]
[SourceDate "2016.10.25"]
[SourceVersion "1"]
[SourceVersionDate "2016.10.25"]
[SourceQuality "1"]

1. e4 c5 2. Nf3 d6 3. Bb5+ Nd7 4. 0-0 a6 5. Bd3 b5 6. Re1 Ngf6 7. c3 Bb7 8. Bc2 Qc7 9. d3 g6 10. Nbd2 Rc8 11. Nf1 Bg7 12. Bg5 h6 13. Bd2 0-0 14. Ng3 e5 15. Rc1 d5 16. h4 dxe4 17. dxe4 c4 18. Qe2 Rfd8 19. b3 Nf8 20. h5 Ne6 21. hxg6 fxg6 22. bxc4 bxc4 23. Rb1 Nf4 24. Bxf4 exf4 25. Nf1 Nd7 26. Nd4 Re8 27. Nd2 Ne5 28. N2f3 Kh7 29. Nxe5 Bxe5 30. Qg4 Rb8 31. Qe2 Rbc8 32. Red1 Re7 33. Qg4 Rce8 34. Rd2 Bc8 35. Qe2 Be6 36. Rb4 Bf7 37. Ba4 Bxd4 38. Rxd4 Rd8 39. Qd2 Rxd4 40. Qxd4 Qe5 41. f3 Qc7 42. Rb6 Re6 43. Rxe6 Bxe6 44. Qf6 Qf7 45. Qe5 g5 46. Bd1 Qa7+ 47. Kf1 Qd7 48. Qd4 h5 49. Be2 Qf7 50. Qe5 g4 51. Bd1 g3 52. Bc2 Kh6 53. a4 h4 54. a5 Bd7 55. Ke2 Be6 56. Ba4 Kg6 57. Bc6 Qf6 58. Qxf6+ Kxf6 59. Bb7 Ke5 60. Bxa6 Kd6 61. Bb5 Kc5 62. Be8 h3 63. gxh3 Bxh3 64. Bf7 Bc8 65. Bd5 Ba6 66. Kf1 Kd6 67. Kg2 Ke5 68. Bc6 Kd6 69. Ba4 Kc5 70. Kg1 Kd6 71. Bd1 Kc5 72. Ba4 Kd6 73. Kh1 Kc5 74. Kg2 Kd6 75. Bd1 Kc5 76. Be2 Bc8 77. Bf1 Be6 78. Be2 Kb5 79. Bd1 Kxa5 80. Bc2 1/2-1/2

[Event "Olomouc IM-B 19th"]
[Site "Olomouc"]
[Date "2016.08.16"]
[Round "5"]
[White "Mager, Denis"]
[Black "Petrova, Kristyna"]
[Result "1/2-1/2"]
[WhiteElo "2246"]
[BlackElo "2282"]
[PlyCount "35"]
[EventDate "2016.08.13"]
[EventType "tourn"]
[EventRounds "9"]
[EventCountry "CZE"]
[EventCategory "3"]
[SourceTitle "CBM 173 Extra"]
[Source "ChessBase"]
[SourceDate "2016.08.29"]
[SourceVersion "1"]
[SourceVersionDate "2016.08.29"]
[SourceQuality "1"]

1. c4 Nf6 2. Nc3 g6 3. d4 d5 4. cxd5 Nxd5 5. Bd2 Bg7 6. e4 Nxc3 7. Bxc3 0-0 8. Qd2 Nc6 9. Nf3 Bg4 10. d5 Bxf3 11. gxf3 Ne5 12. Be2 c6 13. f4 Nd7 14. Bxg7 Kxg7 15. dxc6 bxc6 16. 0-0-0 Nf6 17. Qxd8 Rfxd8 18. Bf3 1/2-1/2

[Event "Olomouc IM-B 19th"]
[Site "Olomouc"]
[Date "2016.08.15"]
[Round "4"]
[White "Chkhaidze, Nikoloz"]
[Black "Mager, Denis"]
[Result "1-0"]
[WhiteElo "2261"]
[BlackElo "2246"]
[PlyCount "141"]
[EventDate "2016.08.13"]
[EventType "tourn"]
[EventRounds "9"]
[EventCountry "CZE"]
[EventCategory "3"]
[SourceTitle "CBM 173 Extra"]
[Source "ChessBase"]
[SourceDate "2016.08.29"]
[SourceVersion "1"]
[SourceVersionDate "2016.08.29"]
[SourceQuality "1"]

1. d4 d5 2. c4 c6 3. Nf3 Nf6 4. Nc3 dxc4 5. a4 e6 6. e3 c5 7. Bxc4 Nc6 8. 0-0 cxd4 9. exd4 Be7 10. Qe2 0-0 11. Rd1 Nb4 12. Bg5 Nfd5 13. Nxd5 Nxd5 14. Bxd5 Bxg5 15. Be4 Bf6 16. Ne5 Qe7 17. Ra3 g6 18. a5 Rb8 19. Qf3 Rd8 20. Rb3 Bxe5 21. dxe5 Rxd1+ 22. Qxd1 Qc7 23. Rc3 Qxa5 24. g3 Qb6 25. Rd3 Qa5 26. Rc3 Qb6 27. h4 Kg7 28. h5 Qb4 29. Bc2 Qe7 30. Rd3 Qc5 31. Qd2 Qxe5 32. h6+ Kf8 33. Qb4+ Ke8 34. f4 a5 35. Qd2 Qc5+ 36. Kh2 Qc7 37. Rc3 Qd7 38. Qe2 f6 39. f5 gxf5 40. Bxf5 Kf8 41. Bh3 b5 42. Rf3 Qf7 43. Qf2 f5 44. Qc5+ Qe7 45. Qe5 Ra8 46. Qh8+ Kf7 47. Qxh7+ Kf6 48. Qh8+ Kg6 49. Qg8+ Kxh6 50. Rf4 Qg7 51. Rh4+ Kg6 52. Qe8+ Kf6 53. Bxf5 exf5 54. Qc6+ Kg5 55. Qxa8 Qxb2+ 56. Kh3 Qc1 57. Rf4 a4 58. Qd5 a3 59. Qd8+ Kg6 60. Qd6+ Kf7 61. Kh4 Qh1+ 62. Kg5 Qh8 63. Qd5+ Ke7 64. Qc5+ Kf7 65. Qc7+ Ke6 66. Rxf5 Bd7 67. Qb6+ Ke7 68. Qc5+ Ke8 69. Re5+ Kd8 70. Qb6+ Kc8 71. Rc5+ 1-0

[Event "Olomouc IM-B 19th"]
[Site "Olomouc"]
[Date "2016.08.14"]
[Round "2"]
[White "Mager, Denis"]
[Black "Lkhamsuren, Uuganbayar"]
[Result "0-1"]
[WhiteElo "2246"]
[BlackElo "2123"]
[PlyCount "69"]
[EventDate "2016.08.13"]
[EventType "tourn"]
[EventRounds "9"]
[EventCountry "CZE"]
[EventCategory "3"]
[SourceTitle "CBM 173 Extra"]
[Source "ChessBase"]
[SourceDate "2016.08.29"]
[SourceVersion "1"]
[SourceVersionDate "2016.08.29"]
[SourceQuality "1"]

1. c4 e5 2. Nc3 Nf6 3. e3 Bb4 4. Nge2 0-0 5. Qc2 Re8 6. a3 Bf8 7. d4 exd4 8. Nxd4 c5 9. Nf3 d5 10. cxd5 Nxd5 11. Nxd5 Qxd5 12. Bc4 Qh5 13. Be2 Nc6 14. 0-0 Bf5 15. Qd1 Rad8 16. Bd2 Be4 17. Qe1 Rd6 18. Kh1 Rh6 19. h3 Ne5 20. Ng1 Bxg2+ 21. Kxg2 Rg6+ 22. Kh1 Qg5 23. Bg4 Nxg4 24. f4 Qd5+ 25. Nf3 Qh5 26. Ng1 Nh6 27. Rf2 Qd5+ 28. Kh2 Bd6 29. Ne2 Qh5 30. Rg2 Ng4+ 31. Rxg4 Rxg4 32. Ng3 Qh4 33. Nf5 Bxf4+ 34. exf4 Rxe1 35. Bxe1 0-1

[Event "Nancy Meurthe-B"]
[Site "Nancy"]
[Date "2016.02.21"]
[Round "9"]
[White "Mager, Denis"]
[Black "Ninov, Nikolai"]
[Result "1/2-1/2"]
[WhiteElo "2239"]
[BlackElo "2450"]
[PlyCount "28"]
[EventDate "2016.02.17"]
[EventType "tourn"]
[EventRounds "9"]
[EventCountry "FRA"]
[EventCategory "3"]
[SourceTitle "CBM 170 Extra"]
[Source "ChessBase"]
[SourceDate "2016.02.25"]
[SourceVersion "1"]
[SourceVersionDate "2016.02.25"]
[SourceQuality "1"]

1. c4 c5 2. Nf3 Nc6 3. d4 cxd4 4. Nxd4 Nf6 5. Nc3 g6 6. e4 Bg7 7. Be3 d6 8. Be2 0-0 9. 0-0 Bd7 10. f3 Qb6 11. Na4 Qa5 12. Nc3 Qb6 13. Na4 Qa5 14. Nc3 Qb6 1/2-1/2

[Event "Nancy Meurthe-B"]
[Site "Nancy"]
[Date "2016.02.17"]
[Round "1"]
[White "Mager, Denis"]
[Black "Adrian, Claude"]
[Result "1-0"]
[WhiteElo "2239"]
[BlackElo "2202"]
[PlyCount "63"]
[EventDate "2016.02.17"]
[EventType "tourn"]
[EventRounds "9"]
[EventCountry "FRA"]
[EventCategory "3"]
[SourceTitle "CBM 170 Extra"]
[Source "ChessBase"]
[SourceDate "2016.02.25"]
[SourceVersion "1"]
[SourceVersionDate "2016.02.25"]
[SourceQuality "1"]

1. c4 c5 2. Nf3 g6 3. d4 cxd4 4. Nxd4 Nc6 5. e4 Bg7 6. Be3 Nh6 7. Be2 d6 8. 0-0 f5 9. Qd2 Nxd4 10. Bxd4 e5 11. Bc3 fxe4 12. Bb4 Nf5 13. Nc3 Qh4 14. Qd5 Bd7 15. Nxe4 0-0-0 16. Nxd6+ Nxd6 17. Bxd6 Qd4 18. Rfd1 Qxd5 19. cxd5 Bf5 20. Rac1+ Kd7 21. Bc7 Ra8 22. Bb5+ Ke7 23. d6+ Kf7 24. d7 Bf6 25. Rc5 a6 26. Bc4+ Be6 27. Bxe6+ Kxe6 28. Rcd5 Bd8 29. Rxe5+ Kf6 30. Bd6 h5 31. Re8 Rh7 32. Bc7 1-0

[Event "Heusenstamm Sparkassen op-A 2nd"]
[Site "Heusenstamm"]
[Date "2015.11.28"]
[Round "4"]
[White "Mager, Denis"]
[Black "Berberich, Christoph"]
[Result "1-0"]
[WhiteElo "2232"]
[BlackElo "2037"]
[PlyCount "55"]
[EventDate "2015.11.26"]
[EventType "swiss"]
[EventRounds "7"]
[EventCountry "GER"]
[SourceTitle "EXT 2018"]
[Source "ChessBase"]
[SourceDate "2017.10.13"]
[SourceVersion "1"]
[SourceVersionDate "2017.10.13"]
[SourceQuality "1"]

1. c4 Nf6 2. d4 c5 3. Nf3 cxd4 4. Nxd4 e5 5. Nb5 d5 6. cxd5 Qa5+ 7. N5c3 b5 8. Nd2 b4 9. Nce4 Nxe4 10. Nxe4 Bb7 11. Nd2 Qxd5 12. e4 Qd7 13. Be2 Be7 14. 0-0 0-0 15. Nc4 Bxe4 16. Nxe5 Qf5 17. f4 Rd8 18. Qe1 Bc5+ 19. Kh1 Qh3 20. Bf3 Bxf3 21. Rxf3 Qf5 22. Be3 Bxe3 23. Rxe3 Qxf4 24. Qe2 Na6 25. Re1 Qd4 26. Nc6 Qd6 27. Qxa6 Rac8 28. Ne7+ 1-0

[Event "Berlin Maccabi op"]
[Site "Berlin"]
[Date "2015.08.02"]
[Round "5"]
[White "Mager, Denis"]
[Black "Beinenson, Katsiaryna"]
[Result "1-0"]
[WhiteElo "2226"]
[BlackElo "1879"]
[PlyCount "35"]
[EventDate "2015.07.29"]
[EventType "swiss"]
[EventRounds "7"]
[EventCountry "GER"]
[SourceTitle "CBM 167 Extra"]
[Source "ChessBase"]
[SourceDate "2015.09.14"]
[SourceVersion "1"]
[SourceVersionDate "2015.09.14"]
[SourceQuality "1"]

1. c4 d6 2. d4 Nd7 3. e4 e5 4. d5 Ngf6 5. Nc3 Be7 6. Be2 c6 7. Nf3 h6 8. 0-0 Nf8 9. Qc2 g5 10. Rd1 Qc7 11. Rb1 cxd5 12. Nb5 Qc6 13. exd5 Qd7 14. c5 a6 15. c6 bxc6 16. dxc6 Qd8 17. c7 Qd7 18. Nxe5 1-0

[Event "Hofheim Spring op-A 3rd"]
[Site "Hofheim"]
[Date "2015.04.07"]
[Round "1"]
[White "Hering, Sven"]
[Black "Mager, Denis"]
[Result "0-1"]
[WhiteElo "1999"]
[BlackElo "2258"]
[PlyCount "46"]
[EventDate "2015.04.07"]
[EventType "swiss"]
[EventRounds "9"]
[EventCountry "GER"]
[SourceTitle "CBM 166 Extra"]
[Source "ChessBase"]
[SourceDate "2015.06.18"]
[SourceVersion "1"]
[SourceVersionDate "2015.06.18"]
[SourceQuality "1"]

1. d4 d5 2. Nf3 Nf6 3. g3 c5 4. Bg2 Nc6 5. c3 e6 6. 0-0 Bd6 7. Nbd2 0-0 8. Qc2 cxd4 9. Nxd4 e5 10. Nxc6 bxc6 11. e4 Be6 12. exd5 cxd5 13. Qa4 Bd7 14. Qa6 Qc7 15. Rd1 Rab8 16. Nc4 Bc5 17. Bxd5 Nxd5 18. Rxd5 Bb5 19. Qa5 Bxf2+ 20. Kxf2 Qxc4 21. Rxe5 Qf1+ 22. Ke3 f6 23. Re4 Qe2+ 0-1

[Event "Neckar op-A 19th"]
[Site "Deizisau"]
[Date "2015.04.03"]
[Round "2"]
[White "Mager, Denis"]
[Black "Piorun, Kacper"]
[Result "0-1"]
[WhiteElo "2258"]
[BlackElo "2528"]
[PlyCount "48"]
[EventDate "2015.04.02"]
[EventType "swiss"]
[EventRounds "9"]
[EventCountry "GER"]
[SourceTitle "CBM 165 Extra"]
[Source "ChessBase"]
[SourceDate "2015.04.21"]
[SourceVersion "1"]
[SourceVersionDate "2015.04.21"]
[SourceQuality "1"]

1. c4 e5 2. Nc3 Nf6 3. e3 d6 4. d3 Be7 5. g3 0-0 6. Bg2 c6 7. Nge2 Na6 8. 0-0 Be6 9. b3 Qc8 10. Re1 Bh3 11. Bh1 h5 12. d4 Re8 13. e4 h4 14. Ba3 Qg4 15. Qd3 Qh5 16. Nd1 d5 17. Bxe7 dxe4 18. Bxe4 Rxe7 19. f3 Nxe4 20. Qxe4 Bf5 21. Qe3 Nb4 22. g4 Bxg4 23. Nf4 exf4 24. Qxe7 Bxf3 0-1

[Event "Staufer op-A 27th"]
[Site "Schwaebisch Gmuend"]
[Date "2015.01.06"]
[Round "9"]
[White "Karimi, Farhad"]
[Black "Mager, Denis"]
[Result "1-0"]
[WhiteElo "2084"]
[BlackElo "2179"]
[PlyCount "45"]
[EventDate "2015.01.02"]
[EventType "swiss"]
[EventRounds "9"]
[EventCountry "GER"]
[SourceTitle "CBM 164 Extra"]
[Source "ChessBase"]
[SourceDate "2015.03.02"]
[SourceVersion "1"]
[SourceVersionDate "2015.03.02"]
[SourceQuality "1"]

1. d4 d5 2. Nf3 Nf6 3. c4 c6 4. Nc3 dxc4 5. a4 e6 6. e3 c5 7. Bxc4 Nc6 8. 0-0 cxd4 9. exd4 Be7 10. Qd3 0-0 11. Rd1 Nb4 12. Qe2 Nfd5 13. Ne4 h6 14. Ne5 b6 15. Ra3 Nf6 16. Rg3 Kh8 17. Bxh6 gxh6 18. Qe3 Ng8 19. Qf3 Nd5 20. Qxf7 Rxf7 21. Nxf7+ Kh7 22. Nf6+ Ngxf6 23. Bd3+ 1-0